01606nam a2200349 i 4500001001000000003000900010005001700019007000300036008004100039040003000080082003000110100004800140245005400188250001700242264004200259300005900301336002700360337003300387338002800420500004300448504003200491590002800523650005200551651006900603651007900672651007500751910003900826942001400865952021500879952014501094999001701239000021828DO-SdBNP20240229102914.0ta100913s1985 dr abc 000 0 spa d aDO-SdBNPbspacBNPHUerda 4a972.9323bF316h, 19852221 aFéliz, Carlos Julio,d1958-eautor91769810aHistoria de Pedernales /cCarlos Julio Féliz C. a2a edición aSanto Domingo :bAlfa y Omega,c1985. a127 paginas :bilustraciones, mapa, retratos ;c22 cm. 2rdacontentatextobtxt 2rdamediaasin mediaciónbn 2rdacarrieravolumenbnc aIncluye notas al pie de las páginas. aBibliografía : p. 119-122 aInventariado, 2023 / DG 4aCiudades y puebloszRepública Dominicana9784 4aPedernales (República Dominicana{Rpara}xHistoria Local938922 4aPedernales (República Dominicana{Rpara}xVida Social Y Costumbres938923 4aPedernales (República Dominicana{Rpara}xCondiciones Sociales938924 aValidado. Control de calidad BNPHU 2ddccLBS1 00102ddc51708PDaBNPHUbBNPHUcHDd2010-09-13l0oBNPHU PD 972.9323 F316h 1985p21828-10r2020-06-25w2020-06-25yLBS1zPerteneció a la biblioteca personal de Juan Isisdro Jimenes Grullón.ZNo se presta 00102ddc51708PDaBNPHUbBNPHUcHDd2023-12-13eDonaciónl0oBNPHU PD 972.9323 F316h 1985p2023-8356r2023-12-13te.2w2023-12-13yLBS1 c21326d21326